¿Seguridad pública vrs. derechos humanos?

সংরক্ষণ করুন:
গ্রন্থ-পঞ্জীর বিবরন
বিন্যাস: পাঠ‍্য
বিষয়গুলি:
ট্যাগগুলো: ট্যাগ যুক্ত করুন
কোনো ট্যাগ নেই, প্রথমজন হিসাবে ট্যাগ করুন!

MARC

LEADER 00000 a a2200000 04500
001 6016
003
040
245 |a ¿Seguridad pública vrs. derechos humanos?  
650 |a DERECHOS HUMANOS  
650 |a SOCIEDAD CIVIL  
650 |a LEGISLACION  
650 |a INSTITUCIONES PUBLICAS  
650 |a GOBIERNO  
650 |a ADMINISTRACION DE JUSTICIA  
650 |a POLITICA  
773 |g volumen 16, número 688; páginas 12-13  
999 |c 27558  |d 27558